Геологический очерк Лечхума (предварительный отчет в геологических исследованиях в западной Грузии в 1925 и 1927 гг.); Геологические исследования в Рачинском уезде Западной Грузии в 1928 г. (предварительный отчет)
| Hovedforfatter: | |
|---|---|
| Institution som forfatter: | |
| Sprog: | russisk fransk |
| Udgivet: |
Ленинград, Издание геологического комитета, 1930
|
| Serier: | Материалы по общей и прикладной геологии Вып. 140 Серия работ по геологии Кавказа и Крыма |
| Fag: | |
| Format: | MixedMaterials Bog |
| KOHA link: | https://koha.lib.tpu.ru/cgi-bin/koha/opac-detail.pl?biblionumber=231071 |
MARC
| LEADER | 00000nam0a2200000 4500 | ||
|---|---|---|---|
| 001 | 231071 | ||
| 005 | 20231101231042.0 | ||
| 035 | |a (RuTPU)RU\TPU\book\252086 | ||
| 035 | |a RU\TPU\book\251439 | ||
| 090 | |a 231071 | ||
| 100 | |a 20130129d1930 k y0rusy50 ca | ||
| 101 | 0 | |a rus |a fre | |
| 102 | |a RU | ||
| 105 | |a b z 001zy | ||
| 200 | 1 | |a Геологический очерк Лечхума (предварительный отчет в геологических исследованиях в западной Грузии в 1925 и 1927 гг.) |a Геологические исследования в Рачинском уезде Западной Грузии в 1928 г. (предварительный отчет) |f Б. Ф. Мефферт |g СССР, Геологический комитет (Геолком) | |
| 210 | |a Ленинград |c Издание геологического комитета |d 1930 | ||
| 215 | |a 117 с. |c 3 карты | ||
| 225 | 1 | |a Материалы по общей и прикладной геологии |v Вып. 140 | |
| 225 | 1 | |a Серия работ по геологии Кавказа и Крыма | |
| 317 | |5 63413507: КР-636 |a Поступила в НТБ в 2004 г. в составе книжного собрания профессора ТПИ К. В. Радугина. | ||
| 320 | |a Библиогр. в примеч. | ||
| 606 | 1 | |a Геология |y Грузия |2 stltpush |3 (RuTPU)RU\TPU\subj\72256 |9 85821 | |
| 610 | 1 | |a геологический очерк | |
| 610 | 1 | |a геологические исследования | |
| 610 | 1 | |a известняки | |
| 610 | 1 | |a меловые отложения | |
| 610 | 1 | |a олигоценовые отложения | |
| 610 | 1 | |a тектоника | |
| 610 | 1 | |a библиотека К. В. Радугина | |
| 610 | 1 | |a библиотека М. А. Усова | |
| 675 | |a 55(479.22) |v 3 | ||
| 700 | 1 | |a Мефферт |b Б. Ф. | |
| 712 | 0 | 1 | |a СССР |b Геологический комитет (Геолком) |c (1922-1930) |2 stltpush |3 (RuTPU)RU\TPU\col\18484 |
| 801 | 1 | |a RU |b 63413507 |c 20130123 | |
| 801 | 2 | |a RU |b 63413507 |c 20190126 |g RCR | |
| 942 | |c BK | ||